00402nam a22001217a 4500040000800000082002200008100001800030245005400048260002600102942000700128999001700135952012800152 c333 a333 SEW 1985 C085 aW.R.D. SEWELL aWater planning in australia from myths to reality aPhnom PenhbSEWc1985 cEK c11042d11042 0010406333_000000000000000_SEW_1985_C18870958471aLBCbLBCcC188d2017-02-14o333 SEW 1985 C188pA05731r2017-02-14yEK